Statistics for Factors of 252

Click here to take the quiz!

General Stats

  • This quiz has been taken 17 times
  • The average score is 18 of 18

Answer Stats

HintAnswer% Correct
Factor1
100%
Factor12
100%
Factor14
100%
Factor18
100%
Factor2
100%
Factor21
100%
Factor3
100%
Factor4
100%
Factor6
100%
Factor7
100%
Factor9
100%
Factor126
94%
Factor252
94%
Factor28
94%
Factor36
94%
Factor42
94%
Factor84
94%
Factor63
88%

Score Distribution

Percentile by Number Answered

Percent of People with Each Score

Your Score History

You have not taken this quiz